| 000 | 00746nam a2200217 a 4500 | ||
|---|---|---|---|
| 003 | MX-MxUPN | ||
| 005 | 20240912063816.0 | ||
| 008 | 240911s1901 fr a||||r|||| 000 0 spa d | ||
| 040 |
_aMX-MxUPN _bspa _cMX-MxUPN |
||
| 041 | 0 | _aspa | |
| 050 | 1 | 4 |
_aLB1573 _bG86 1901 |
| 100 | 1 |
_aGuyau, Jean-Marie, _d1854-1888 _930493 |
|
| 245 | 1 | 3 |
_aEl primer año de lectura corriente : _bmoral, conocimientos usuales, deberes cívicos |
| 250 | _aTercera edición. | ||
| 260 |
_aParís : _bLibrería Armand Colin, _c1901. |
||
| 300 |
_a372 páginas : _bilustraciones |
||
| 500 | _a"Obra adornada con 88 viñetas instructivas y un léxico" | ||
| 650 | 4 |
_aLectura _xEstudio y enseñanza (Elemental) _92805 |
|
| 902 | _aVíctor Ruiz/110924 | ||
| 942 |
_2lcc _cLIBRO |
||
| 999 |
_c211718 _d211718 |
||